| 000 | 00808nam a2200265 a 4500 | ||
|---|---|---|---|
| 003 | AR-BaBNM | ||
| 005 | 20251128204702.0 | ||
| 008 | 082120s2002 ||||||||||||||000 | spa|| | ||
| 040 | _cAR-BaBNM | ||
| 100 | 1 | _aRoca, Carlos Alberto | |
| 245 | 0 | 0 |
_aChanfleando la historia _bapuntes sobre Tadea Florentino Jordán y los Ramírez-López y el general Mansilla |
| 250 | _a2ª ed. aum. y corr. | ||
| 260 |
_aConcepción del Uruguay _bEl autor _c1994 |
||
| 300 | _a115 p. | ||
| 650 | 4 | _aCAUDILLOS ARGENTINOS | |
| 650 | 4 | _aGUERRAS CIVILES ARGENTINAS | |
| 650 | 4 | _aANARQUIA DE 1820 | |
| 650 | 4 | _aHISTORIA ECONOMICA | |
| 650 | 4 | _aPERIODO INDEPENDIENTE | |
| 650 | 4 | _aINDEPENDENCIA ARGENTINA | |
| 650 | 4 | _aGAUCHOS DE GÜEMES | |
| 650 | 4 | _aCONGRESO CONSTITUYENTE DE 1824 | |
| 942 | _cBK | ||
| 998 | _cCarmen | ||
| 999 |
_c8412 _d8412 |
||